| 000 | 01373nam a22003617a 4500 | ||
|---|---|---|---|
| 003 | CHAP | ||
| 005 | 20220329134048.0 | ||
| 008 | 971013s1967 r 00010 d | ||
| 010 | _a14824 | ||
| 011 | _a15796 | ||
| 035 | _a19873 | ||
| 040 | _cCHAP | ||
| 082 |
_a312.20972 _bB2 |
||
| 100 | 0 | 0 |
_aBenítez Zenteno, Raúl. _911663 |
| 245 | _aTablas abreviadas de mortalidad de la población de México, 1930, 1940, 1950, 1960 | ||
| 260 |
_aMéxico, D. F. : _bEl Colegio de México, _c1967 |
||
| 300 | _a110 p. | ||
| 490 |
_aPublicaciones del Centro de Estudios Económicos y Demográficos _v; 2 |
||
| 590 |
_aBATCH-UPD _b10 _c20130110 _lUCH01 _h0216 |
||
| 590 |
_aBATCH-UPD _b10 _c20130110 _lUCH01 _h2136 |
||
| 590 |
_aBATCH-UPD _b10 _c20130409 _lUCH01 _h2235 |
||
| 590 |
_aBATCH-UPD _b10 _c20130410 _lUCH01 _h1445 |
||
| 590 |
_aBATCH-UPD _b10 _c20130914 _lUCH01 _h0605 |
||
| 590 |
_aBATCH-UPD _b10 _c20130914 _lUCH01 _h2130 |
||
| 590 |
_aCONVERSION _b10 _c20130109 _lUCH01 _h1309 |
||
| 650 | 1 | 4 |
_aMortalidad _xEstadísticas _xMéxico. _978945 |
| 700 | 0 |
_aCabrera Acevedo, Gustavo. _916637 |
|
| 830 | 0 |
_aPublicaciones del Centro de Estudios Económicos y Demográficos _v; 2 _992688 |
|
| 901 | _aBK | ||
| 942 | _cLIBRO | ||
| 949 |
_a312.20972 B2 _bBC _cLIBRO _d33724000303301 _eLIBRO _h39445 _i19873 _mD _si |
||
| 949 |
_a312.20972 B2 _bBC _cLIBRO _d33724000303319 _eLIBRO _fc.2 _h42443 _i19873 _si |
||
| 999 |
_c14824 _d14824 |
||